Normal view
MARC view
Entry Personal Name
001 - CONTROL NUMBER
- control field: 290
003 - CONTROL NUMBER IDENTIFIER
- control field: csc
005 - DATE AND TIME OF LATEST TRANSACTION
- control field: 20140507162049.0
008 - FIXED-LENGTH DATA ELEMENTS
- fixed length control field: 110215|||a|||||| | ||| d
040 ## - CATALOGING SOURCE
- Original cataloging agency: csc
- Transcribing agency: csc
100 ## - HEADING--PERSONAL NAME
- Personal name: Donaldson, B. C.
- Fuller form of name: (Bruce C.),
- Dates associated with a name: 1948-
- Title of a work: Dutch reference grammar.
670 ## - SOURCE DATA FOUND
- Source citation: Work cat.: (csc)0: Donaldson, B. C. (Bruce C.), 1948- 515, Dutch :, 1997.